000 00282 a2200109 4500
000 nam a22 7a 4500
005 20260206155749.0
100 _aDubey, G. K.
_91114280
245 _aFundamentals of Electrical Drives
260 _bNarosha Publishing House
_c2026
942 _cTEXL
999 _c1678832
_d1678832